000 01220ngm a22004090a 4500
001 PT20175
003 AR-LpoUNG
005 20210202000322.0
007 vd cvaizq
008 191001s1955||||ag |||||||||||||||||ita d
037 _c$9,97
040 _aAR-LpoUNG
_bspa
_cAR-LpoUNG
_eaacr
041 _aita
044 _aag
082 0 _a306.36 374fer
100 1 _aGermi, Pietro
_edir.
245 1 3 _aEl ferroviario
260 _aBuenos Aires :
_bTauro Video,
_c1955.
300 _aVHS (90 min.) : son., byn
520 _aFilm de la plenitud del neorrealismo italiano, que muestra la historia de un hombre de fascinante pasado, en una etapa de decadencia, vejez y valores individuales aniquilados. Su rectitud y autoritarismo sólo logran impulsar a sus hijos y hermanos a su mismo destino: la destrucción.
650 4 _aCLASE OBRERA
650 4 _aFAMILIA
650 4 _aGUERRA
650 4 _aHISTORIA
650 4 _aITALIA
650 4 _aMATRIMONIO
650 4 _aMEDIO FAMILIAR
650 4 _aTRABAJADORES
651 4 _aItalia
653 _aCINE ITALIANO
653 _aFASCISMO
653 _aNEORREALISMO ITALIANO
653 _aVHS
653 _aVIDEOS
905 _a20175
942 _cVIDEO
999 _c54613
_d54613